000 00504nam a2200181 a 4500
999 _c6756
_d6756
003 OSt
005 20241024172028.0
008 140926s2014 sp |||| |||||0|| 0 spa|d
020 _a9788416001262
040 _bcat
_cCDMR
100 1 _aLyon, William
245 1 3 _aLa Escritura transparente
_b: cómo contar historias
_c/ William Lyon
260 _a[Madrid] :
_bLibros del K.O.,
_c2014
300 _a125 p.
500 _aBibliografia
650 0 4 _93772
_aPeriodisme--Manuals d'estil
942 _2udc
_cMON